Detalles MARC
| 000 -LIDER |
| fixed length control field |
02202namaa2200361 a 4500 |
| 001 - NÚMERO DE CONTROL |
| Identificador de número de control |
000000659 |
| 003 - IDENTIFICACDOR DE NÚMERO DE CONTROL |
| control field |
DO-SdBNP |
| 005 - DATE AND TIME OF LATEST TRANSACTION |
| control field |
20170927105928.0 |
| 007 - CAMPOS FIJOS DE DESCRIPCIÓN FÍSICA |
| fixed length control field |
000000659 |
| 008 - ELEMENTOS DE LONGITUD FIJA |
| fixed length control field |
090331s1993 dr 000 e spa d |
| 020 ## - ISBN |
| International Standard Book Number |
8489525382 |
| 040 ## - FUENTE DE CATALOGACIÓN |
| Agencia que crea de manera original el registro |
BPMSU |
| Idioma de catalogación |
spa |
| Agencia que realiza la transcripción |
BPMSU |
| 082 #4 - NÚMERO DE CLASIFICACIÓN DECIMAL DE DEWEY |
| Classification number |
RD860.9 |
| Item number |
D536t |
| 100 1# - ASIENTO PRINCIPAL -- NOMBRE PERSONAL |
| Nombre personal |
Di Prieto, Giovanni, |
| Fechas asociadas con el nombre |
1944- |
| 245 10 - MENCIÓN DE TITULO |
| Título |
Temas de literatura y de cultura dominicana / |
| Mención de responsabilidad |
Giovanni Di Pietro. |
| 260 0# - PUBLICACIÓN, DISTRIBUCIÓN, ETC. (PIE DE IMPRENTA) |
| Lugar de publicación, distribución, etc |
Santo Domingo : |
| Nombre del editor, distribuidor, etc. |
INTEC, |
| Fecha de publicación, distribución, etc |
1993. |
| 300 ## - DESCRIPCIÓN FÍSICA |
| Extensión |
vi, 146 p. ; |
| Dimensiones |
22 cm. |
| 500 ## - NOTA GENERAL |
| Nota general |
Incluye referencias bibliográficas y notas al pie de las páginas |
| 505 0# - NOTA DE CONTENIDO |
| Título |
Algo de introducción -- |
| -- |
Ofrenda de Delia Weber, 1 -- |
| -- |
De algunas novelistas dominicanas y Toeya de Virginia de Peña de Bordas -- |
| -- |
El presidente negro, una absurda novela de Manuel del Cabral -- |
| -- |
Dos Repúblicas en una: imágenes conflictivas de la República Dominicana -- |
| -- |
El montero, primera novela dominicana de Pedro Francisco Bonó -- |
| -- |
Nosotros: el último libro de Rafael Damirón -- |
| -- |
La inevitabilidad del cambio en el Creonte de Marcio Veloz Maggiolo -- |
| -- |
Sobre una supuesta novela de Bernardo Vega -- |
| -- |
J.M. Sanz- Lajara, su prosa de viajes y sus cuentos -- |
| -- |
Norberto James y el mito de la utopía marxista en un pequeño libro del 68 Carlos Estaban Deive, la novela histórica y las devastaciones -- |
| -- |
Nota sobre el Colón de Tulio M. Cestero -- |
| -- |
Apéndice: bibliografía de la novela dominicana contemporánea -- |
| -- |
Bibliografía. |
| 650 #4 - ENCABEZAMIENTO DE MATERIA--TEMÁTICO |
| Término temático o nombre geográfico como elemento de entrada |
NOVELA DOMINICANA |
| Subdivisión temática general |
HISTORIA Y CRÍTICA |
| Subdivisión cronológica |
SIGLO XX |
| 650 #4 - ENCABEZAMIENTO DE MATERIA--TEMÁTICO |
| Término temático o nombre geográfico como elemento de entrada |
CULTURA |
| Subdivisión geográfica |
REPÚBLICA DOMINICANA |
| Subdivisión temática general |
ENSAYOS, CONFERENCIAS, ETC. |
| Subdivisión cronológica |
SIGLO XX |
| 650 #4 - ENCABEZAMIENTO DE MATERIA--TEMÁTICO |
| Término temático o nombre geográfico como elemento de entrada |
AUTORES DOMINICANOS |
| Subdivisión temática general |
CRÍTICA E INTERPRETACIÓN |
| -- |
ENSAYOS, CONFERENCIAS, ETC. |
| Subdivisión cronológica |
SIGLO XX |
| 650 #4 - ENCABEZAMIENTO DE MATERIA--TEMÁTICO |
| Término temático o nombre geográfico como elemento de entrada |
LITERATURA DOMINICANA |
| Subdivisión temática general |
HISTORIA Y CRÍTICA |
| Subdivisión cronológica |
SIGLO XX |
| 710 22 - ASIENTO SECUNDARIO -- NOMBRE CORPORATIVO |
| Nombre corporativo o de jurisdicción |
Instituto Tecnológico de Santo Domingo |
| 910 ## - VALIDACIÓN |
| Validación |
Validado. Control de calidad EMS |
| 930 #1 - EQUIVALENCE OR CROSS-REFERENCE-UNIFORM TITLE HEADING [LOCAL, CANADA] |
| Language of a work |
BND01 |
| Medium of performance for music |
LF1 |
| Medium |
RD863.409 |
| Field link and sequence number |
20130716 |
| Date of a work |
04 |
| Name of part/section of a work |
HD |
| Miscellaneous information |
38102 |
| 942 ## - ADDED ENTRY ELEMENTS (KOHA) |
| Source of classification or shelving scheme |
Dewey Decimal Classification |
| Koha item type |
Libros |
| 945 ## - INFORMACIÓN DE PROCESAMIENTO LOCAL |
| Información de procesamiento local |
Inventariado, 2017/MFF |
| 956 ## - LOCAL ELECTRONIC LOCATION AND ACCESS (OCLC) |
| Nombre de host |
TMEREDITH |
| Número de acceso |
10 |
| Información de compresión |
20111018 |
| Inicio de sesión |
BND01 |
| Procesador de solicitud |
1044 |
| 956 ## - LOCAL ELECTRONIC LOCATION AND ACCESS (OCLC) |
| Nombre de host |
EMARRERO |
| Número de acceso |
40 |
| Información de compresión |
20140219 |
| Inicio de sesión |
BND01 |
| Procesador de solicitud |
0111 |
| 956 ## - LOCAL ELECTRONIC LOCATION AND ACCESS (OCLC) |
| Nombre de host |
MFILETO |
| Número de acceso |
40 |
| Información de compresión |
20140311 |
| Inicio de sesión |
BND01 |
| Procesador de solicitud |
1357 |
| 956 ## - LOCAL ELECTRONIC LOCATION AND ACCESS (OCLC) |
| Nombre de host |
VMATEO |
| Número de acceso |
10 |
| Información de compresión |
20150428 |
| Inicio de sesión |
BMET |
| Procesador de solicitud |
00151 |